000 00901nam a22002897a 4500
003 CHAP
005 20220329135800.0
008 971013s1979 us a r 00010 eng d
010 _a42033
011 _a43005
035 _a47135
040 _cCHAP
082 0 0 _a633.1
_bE8 1979
110 1 _aE.U.A. Department of Agriculture
_934876
245 1 _aBarley ; origin, botany, culture, winter hardiness, genetics, utilization, pests
250 _aRev. ed.
260 _aWashington :
_bThe Department,
_c1979
300 _a154 p.
_b: ilus. ; gráfs.
490 _aAgriculture handbook
_v; 338
590 _aBATCH-UPD
_b10
_c20130110
_lUCH01
_h1517
590 _aCONVERSION
_b10
_c20130109
_lUCH01
_h1323
650 1 4 _aCebada.
_920652
830 0 _aAgriculture handbook
_v; 338
_92127
901 _aBK
942 _cLIBRO
949 _a633.1 E8 1979
_bBC
_cLIBRO
_d33724000189890
_eLIBRO
_h24693
_i47135
_mD
_si
999 _c42033
_d42033